[Event "Bad Woerishofen op"]
[Site "Bad Woerishofen"]
[Date "2001.??.??"]
[Round "8"]
[White "Reefschlaeger, Helmut"]
[Black "Peschel, Andreas"]
[Result "0-1"]
[WhiteElo "2355"]
[BlackElo "2177"]
[Annotator "ChessOrg"]
[PlyCount "60"]
[EventDate "1998.03.05"]
[Source "ChessBase"]
[SourceDate "1998.04.29"]

1. d4 {B15: Caro-Kann (Flohr-Variante)} 1... g6 2. e4 Bg7 3. Nc3 c6 4. f4 d5 5.
e5 h5 6. Nf3 Nh6 7. Be3 7... Bf5 {letzter Buchzug} 8. Be2 Nd7 9. h3 e6 10. O-O
f6 11. Qd2 Nf7 12. b4 fxe5 (12... Rf8 13. Rae1 $11) 13. dxe5 h4 14. Rab1 g5 15.
Nd4 gxf4 16. Nxf5 exf5 17. Rxf4 Ndxe5 (17... Nfxe5 $143 18. Rxf5 Qe7 19. Rbf1
$14) 18. Rxf5 Nd6 19. Bh5+ (19. Rff1 $5 $15 $142) 19... Kd7 $17 20. Rg5 Bf6 21.
Bg4+ Kc7 (21... Nxg4 22. Rxg4 Kc8 23. b5 $14) 22. Bf4 (22. Rxe5 Bxe5 23. Bd4
Qf6 24. Bxe5 24... Qxe5 $19) 22... Nec4 23. Nxd5+ cxd5 24. Qxd5 Bxg5 25. Bxg5
Qe8 26. Bf4 $4 (26. Qc5+ Qc6 27. Bf3 Qxc5+ 28. bxc5 $11) 26... Qc6 $19 27. Qf7+
Kb6 28. Qg7 Qe4 29. Qg5 (29. Bxd6 Nxd6 30. Qc3 Rac8 31. Bxc8 31... Rxc8 $17)
29... Qd4+ (29... Qxc2 30. Qc5+ Ka6 31. Rc1 $14) 30. Kh1 Rag8 (30... Rag8 31.
Qc5+ Qxc5 32. bxc5+ 32... Kxc5 $19) 0-1

[Event "Bad Woerishofen op"]
[Site "?"]
[Date "2001.??.??"]
[Round "1"]
[White "Reichenbacher, Gerhard"]
[Black "Markus, John R"]
[Result "0-1"]
[WhiteElo "1836"]
[BlackElo "2225"]
[Annotator "ChessOrg"]
[PlyCount "48"]
[EventDate "2000.??.??"]

1. e4 {C30: Abgelehntes Koenigsgambit} 1... e5 2. Bc4 Nf6 3. d3 Nc6 4. Nc3 Bc5
5. f4 d6 6. Nf3 a6 7. fxe5 dxe5 8. Bg5 h6 9. Bh4 9... Be6 {letzter Buchzug} 10.
Bxe6 fxe6 11. Qe2 O-O 12. O-O-O Nd4 13. Qd2 Qd6 14. Bg3 Ng4 15. Nxd4 Bxd4 16.
Rde1 b5 (16... Rf7 17. Nd1 $11) 17. Nd1 b4 18. h3 Nf6 19. Ne3 $4 (19. Rhf1 $14
$142) 19... Bxb2+ $1 $19 20. Kxb2 20... Nxe4 $1 21. Bxe5 Qxe5+ (21... Nxd2 22.
Bxd6 cxd6 23. Re2 $18) 22. d4 Qb5 (22... Nxd2 23. dxe5 Rf2 24. Kc1 $17) 23. Qe2
Qxe2 24. Rxe2 Ng3 (24... Ng3 25. Rhe1 Nxe2 26. Rxe2 26... Rf4 $19) 0-1

[Event "Bad Woerishofen op"]
[Site "Bad Woerishofen"]
[Date "2001.??.??"]
[Round "3"]
[White "Reichenbacher, Gerhard"]
[Black "Feicht, Roland"]
[Result "1/2-1/2"]
[WhiteElo "1836"]
[BlackElo "1490"]
[Annotator "ChessOrg"]
[PlyCount "77"]
[EventDate "1998.03.05"]
[Source "ChessBase"]
[SourceDate "1998.04.29"]

1. e4 {B01: Skandinavische Verteidigung} 1... d5 2. exd5 Nf6 3. d4 Nxd5 4. Nf3
Bg4 5. Be2 e6 6. Ne5 {letzter Buchzug} 6... Bxe2 7. Qxe2 Bd6 8. c4 Bb4+ 9. Bd2
Bxd2+ 10. Nxd2 Ne7 11. Nb3 (11. Qf3 O-O 12. Qxb7 12... Nd7 $16) 11... O-O 12.
O-O Nf5 13. Rfd1 Nd7 14. Qe4 c6 15. d5 (15. Nxd7 $5 $142 15... Qxd7 16. Nc5 $11
) 15... Nd6 16. Qe2 exd5 (16... Nxe5 $5 17. dxe6 Qe7 18. Qxe5 18... Nxc4 $15)
17. Nxd7 $11 17... Qxd7 18. cxd5 Rfe8 19. Qd3 Qc7 (19... cxd5 20. Qxd5 Rad8 21.
Re1 $11) 20. dxc6 Ne4 (20... bxc6 $5 $142 21. Rac1 21... Rad8 $11) 21. cxb7 $16
21... Qxb7 22. Rac1 h6 23. Qd7 Qb6 24. Qd4 Qa6 25. a4 Ng5 (25... Rab8 26. Rd3
$14) 26. Qc4 (26. Nc5 26... Qe2 $16) 26... Qg6 (26... Qxc4 27. Rxc4 Rab8 28.
Nc5 Rxb2 29. h4 $14) 27. Qc6 (27. Nc5 $16 $142) 27... Re6 $4 (27... Qxc6 $142
28. Rxc6 28... Rab8 $14) 28. Qxa8+ $18 28... Kh7 29. Kh1 (29. Nd4 $5 29... Re7
30. b4 30... Rd7 $18) 29... Ne4 30. Rf1 Qg5 (30... Rb6 31. Rc8 Qf5 32. Rh8+
32... Kg6 $18) 31. Nd4 (31. Kg1 $18 $142) 31... Nxf2+ $11 32. Kg1 32... Qe3 $4
(32... Nh3+ 33. Kh1 Nf2+ 34. Kg1 Nh3+ 35. Kh1 35... Nf2+ $11) 33. Rxf2 (33. Qf3
$142 33... Nh3+ 34. Kh1 Qxd4 35. Qxh3 $18) 33... Qxc1+ $11 34. Rf1 Qe3+ 35. Kh1
Qxd4 36. Qf3 (36. h3 Qxa4 37. Qf3 37... Re7 $17) 36... Rf6 $17 37. Qd1 Rxf1+ (
37... Qxb2 $5 38. Qd3+ 38... g6 $19) 38. Qxf1 $11 38... Qxb2 39. Qf5+ 1/2-1/2

[Event "Bad Woerishofen op"]
[Site "Bad Woerishofen"]
[Date "2001.??.??"]
[Round "5"]
[White "Reichenbacher, Gerhard"]
[Black "Valent, Peter"]
[Result "1-0"]
[WhiteElo "1836"]
[BlackElo "2074"]
[Annotator "ChessOrg"]
[PlyCount "45"]
[EventDate "1998.03.05"]
[Source "ChessBase"]
[SourceDate "1998.04.29"]

1. e4 {B20: Sizilianisch} 1... c5 2. d3 g6 3. g3 Bg7 4. f4 {letzter Buchzug}
4... d5 5. Bg2 dxe4 6. Bxe4 Nf6 7. Bg2 O-O 8. Nf3 Qa5+ 9. Nbd2 c4 (9... Nd5 10.
Qe2 $11) 10. O-O (10. dxc4 10... Nc6 $14) 10... cxd3 $11 11. cxd3 Nd5 12. Nc4
Qc5+ 13. Kh1 b5 14. Nce5 Bb7 15. d4 Qc7 16. Bd2 e6 17. Rc1 Qe7 18. Qb3 a6 19.
Rfe1 Nd7 20. Nc6 Bxc6 21. Rxc6 21... Rfc8 $4 (21... N7b6 $14 $142) 22. Rxc8+
Rxc8 23. Qxd5 $3 (23. Qxd5 Nf6 24. Qb3 $18) 1-0

[Event "Bad Woerishofen op"]
[Site "Bad Woerishofen"]
[Date "2001.??.??"]
[Round "7"]
[White "Reichenbacher, Gerhard"]
[Black "Hoennekes, Klaus"]
[Result "1-0"]
[WhiteElo "1836"]
[BlackElo "2087"]
[Annotator "ChessOrg"]
[PlyCount "87"]
[EventDate "1998.03.05"]
[Source "ChessBase"]
[SourceDate "1998.04.29"]

1. e4 {B06: Moderne Verteidigung} 1... g6 2. d4 Bg7 3. Be3 c6 4. Qd2 d5 5. e5
5... h5 {letzter Buchzug} 6. Bd3 Nh6 7. Ne2 Bf5 8. Ng3 Bxd3 9. Qxd3 e6 (9...
Qb6 10. Nc3 $15) 10. h3 Nd7 11. Nd2 b5 (11... c5 12. c3 $11) 12. Nf3 Nf5 13.
Nxf5 gxf5 14. O-O Nf8 15. Bg5 Qc8 16. a4 bxa4 17. Rxa4 Ng6 18. Rfa1 O-O (18...
Qc7 19. Qa3 c5 20. Bf6 Bxf6 21. exf6 cxd4 22. Rxa7 Rxa7 23. Qxa7 Qxa7 24. Rxa7
$18) 19. Rxa7 $18 19... Rxa7 20. Rxa7 c5 21. c3 Qb8 22. Ra2 c4 (22... Qb3 23.
Qb1 $16) 23. Qd2 Qb7 (23... Qb3 $5 24. Ra3 Qb5 25. Nh4 $18) 24. Bf6 Rb8 25.
Bxg7 Kxg7 26. Qg5 Qe7 27. Qxh5 Nf4 28. Qg5+ Qxg5 29. Nxg5 Kg6 (29... Rb7 $5 $16
) 30. h4 Nd3 31. Ra7 Rxb2 32. Rxf7 Rb1+ 33. Kh2 Nxf2 34. Rf6+ Kh5 35. Kg3 (35.
Rxe6 f4 36. g3 Ng4+ 37. Kh3 Rh1+ 38. Kg2 Rh2+ 39. Kg1 39... fxg3 $17) 35...
Ne4+ 36. Nxe4 fxe4 (36... dxe4 $5 $142 37. d5 37... e3 $18) 37. Rxe6 $18 37...
Rb8 $2 (37... e3 38. Kf3 $18) 38. Kf4 (38. Rd6 $142 38... Rb1 39. Rxd5 $18)
38... Rg8 39. Rf6 39... Rxg2 $2 (39... Rg4+ 40. Ke3 40... Kxh4 $18) 40. e6 Rg8
41. e7 Re8 42. Re6 e3 43. Kxe3 (43. Rxe3 $143 43... Kxh4 44. Re6 44... Kh3 $18)
43... Kxh4 (43... Kg4 44. Re5 $18) 44. Kf4 (44. Kf4 Kh5 45. Ke5 $18) 1-0

[Event "Bad Woerishofen op"]
[Site "Bad Woerishofen"]
[Date "2001.??.??"]
[Round "9"]
[White "Reichenbacher, Gerhard"]
[Black "Lamberger, Werner"]
[Result "0-1"]
[WhiteElo "1836"]
[BlackElo "1912"]
[Annotator "ChessOrg"]
[PlyCount "72"]
[EventDate "1998.03.05"]
[Source "ChessBase"]
[SourceDate "1998.04.29"]

1. e4 {B05: Aljechin-Verteidigung (Moderne Variante)} 1... Nf6 2. e5 Nd5 3. d4
d6 4. Nf3 Bg4 5. Be2 e6 6. c4 Nb6 7. Bg5 {letzter Buchzug} 7... Be7 8. Bxe7
Qxe7 9. O-O Nc6 10. exd6 cxd6 (10... Qxd6 $2 11. c5 Qf4 12. cxb6 axb6 13. Nc3
$18) 11. d5 exd5 12. cxd5 Bxf3 13. Bxf3 Ne5 14. Re1 O-O (14... Nxf3+ $4 15.
gxf3 Nxd5 16. Qa4+ Kf8 17. Rxe7 Nxe7 18. Qd7 $18) 15. Nc3 Rfe8 16. Be2 Qd8 17.
Bb5 Re7 18. f4 Ng6 19. Qd4 a6 20. Bd3 Rxe1+ 21. Rxe1 Nc8 22. Bxg6 hxg6 23. Kh1
Ne7 24. Qe4 Kf8 25. g4 Rc8 26. f5 (26. a3 $5 $11) 26... b5 27. Rf1 Rc4 28. Qf3
gxf5 29. gxf5 Ng8 30. Qg3 Qf6 31. Re1 Nh6 32. Qe3 Kg8 33. Ne4 Qxf5 34. Ng5 $4 (
34. Qd3 $17 $142) 34... Qxd5+ $19 35. Kg1 (35. Nf3 Ng4 36. Qe8+ Kh7 37. Qe2 $19
) 35... Rg4+ 36. Kf2 Qg2# 0-1

[Event "Bad Woerishofen op"]
[Site "Bad Woerishofen"]
[Date "2001.??.??"]
[Round "2"]
[White "Reichwald, Klaus-Dieter"]
[Black "Mueller, Gunter"]
[Result "1/2-1/2"]
[WhiteElo "2018"]
[BlackElo "1781"]
[Annotator "ChessOrg"]
[PlyCount "20"]
[EventDate "1998.03.05"]
[Source "ChessBase"]
[SourceDate "1998.04.29"]

1. e4 {B01: Skandinavische Verteidigung} 1... d5 2. exd5 Nf6 3. d4 Qxd5 4. Nf3
4... e6 {letzter Buchzug} 5. c4 Qa5+ 6. Nc3 Ne4 7. Bd2 Nxd2 8. Qxd2 Bb4 9. Bd3
Nd7 10. O-O Bxc3 1/2-1/2

[Event "Bad Woerishofen op"]
[Site "Bad Woerishofen"]
[Date "2001.??.??"]
[Round "4"]
[White "Reichwald, Klaus-Dieter"]
[Black "Mauss, Ernst"]
[Result "0-1"]
[WhiteElo "2018"]
[BlackElo "1793"]
[Annotator "ChessOrg"]
[PlyCount "44"]
[EventDate "1998.03.05"]
[Source "ChessBase"]
[SourceDate "1998.04.29"]

1. e4 {B17: Caro-Kann-Verteidigung} 1... c6 2. d4 d5 3. Nc3 dxe4 4. Nxe4 Nd7 5.
Nf3 Ngf6 6. Ng3 e6 7. Bd3 c5 8. O-O cxd4 9. Nxd4 Bc5 10. c3 O-O 11. Bg5 {
letzter Buchzug} 11... h6 12. Bd2 Ne5 13. Be3 $4 (13. Bc2 $11 $142) 13... Nxd3
$19 14. Qxd3 e5 15. Qb5 (15. Rad1 exd4 16. cxd4 16... Bb6 $19) 15... exd4 (
15... Bxd4 $6 16. cxd4 exd4 17. Bf4 $17) 16. Bxh6 Qb6 (16... gxh6 17. Qxc5) 17.
Qxb6 Bxb6 18. Bg5 dxc3 19. Bxf6 gxf6 20. bxc3 Be6 21. Nh5 f5 22. Kh1 (22. a4
22... Ba5 $19) 22... Rac8 (22... Rac8 23. Rac1 23... Rfd8 $19) 0-1

[Event "Bad Woerishofen op"]
[Site "Bad Woerishofen"]
[Date "2001.??.??"]
[Round "6"]
[White "Reichwald, Klaus-Dieter"]
[Black "Poehler, Margit"]
[Result "0-1"]
[WhiteElo "2018"]
[BlackElo "1780"]
[Annotator "ChessOrg"]
[PlyCount "82"]
[EventDate "1998.03.05"]
[Source "ChessBase"]
[SourceDate "1998.04.29"]

1. e4 {B06: Moderne Verteidigung} 1... d6 2. d4 g6 3. f4 Bg7 4. Nf3 c5 5. Be3 {
letzter Buchzug} 5... Bg4 6. Be2 (6. c3 $5 6... Qb6 7. Qa4+ Nc6 8. Bb5 $11)
6... Nc6 $15 7. Nc3 $4 (7. d5 Bxf3 8. gxf3 Bxb2 9. dxc6 Bxa1 10. Nd2 $19) 7...
Bxf3 $19 8. Bxf3 (8. d5 Bxe2 9. Qxe2 9... Nd4 $19) 8... cxd4 (8... Bxd4 $6 9.
Bd2 $17) (8... Nxd4 $6 9. O-O $17) 9. Qd2 (9. Nd5 dxe3 10. c3 10... Nf6 $19)
9... dxe3 (9... dxc3 $5 $142 10. bxc3 Qa5 11. e5 dxe5 12. Rd1 exf4 13. Qd7+ Kf8
14. O-O fxe3 15. Qxb7 $19) 10. Qxe3 Nd4 11. O-O-O Nxf3 12. gxf3 (12. Qxf3 12...
Qb6 $19) 12... Qc7 13. Nd5 Qc8 14. e5 dxe5 15. fxe5 e6 16. Nc3 Ne7 17. f4 O-O
18. Ne4 (18. Rd3 18... Qc4 $19) 18... Nf5 19. Qb3 Qc6 20. Qd3 Rac8 21. c3 Qc4
22. Kb1 Qxd3+ (22... b5 23. Rhe1 $19) 23. Rxd3 Rc4 24. Re1 Bh6 25. Nf6+ Kg7 26.
b3 Rxf4 27. Red1 (27. Ne4 Rh4 28. h3 28... Bf4 $19) 27... Rf2 28. Rd8 (28. Ng4
Re2 29. Nxh6 Kxh6 30. R1d2 Re1+ 31. Kb2 $19) 28... Bg5 (28... Rxd8 $142 29.
Rxd8 Rf1+ 30. Kc2 Ne3+ 31. Kb2 Bf4 32. Rg8+ 32... Kh6 $19) 29. Rxf8 $15 29...
Bxf6 (29... Rxh2 $2 30. Rg8+ Kh6 31. Ng4+ Kh5 32. Nxh2 $18) 30. exf6+ Kxf6 31.
Rd7 Ne7 (31... Rxh2 $143 32. Rfxf7+ Ke5 33. Rxh7 (33. Rxb7 $6 33... h5 $11)
33... Rxh7 34. Rxh7 $16) 32. Rxb7 Rxh2 33. c4 (33. Rxa7 33... g5 $11) 33... a5
34. c5 34... Nd5 $4 (34... h5 $17 $142) 35. Rfxf7+ Ke5 36. Rf3 (36. Rxh7 $5
$142 36... Re2 37. Kc1 $16) 36... g5 $15 37. b4 $2 (37. c6 $5 $142 37... g4 38.
Rd3 $11) 37... g4 38. Rg3 38... Rh3 $4 (38... Kf4 $5 $142 39. Rb3 39... Nxb4
$17) 39. Rg2 $4 (39. Rxh3 gxh3 40. Rxh7 Nxb4 41. Rxh3 41... Kd4 $16) 39... g3
$4 (39... Ne3 40. Rg1 h5 41. c6 $16) 40. Re2+ $4 (40. bxa5 $142 40... h5 41.
Kc1 Rh1+ 42. Kd2 $16) 40... Kf6 41. Rg2 (41. Kc2 $5 $142 41... g2 42. Rf2+ Ke5
43. Rg7 axb4 44. c6 $17) 41... Rh1+ $4 (41... Rh1+ 42. Kb2 axb4 43. Rxg3 Rh2+
44. Kb3 44... Ke5 $14) (41... h5 42. c6 Rh1+ 43. Kc2 43... Rh2 $19) 0-1

[Event "Bad Woerishofen op"]
[Site "Bad Woerishofen"]
[Date "2001.??.??"]
[Round "8"]
[White "Reichwald, Klaus-Dieter"]
[Black "Schicker, Rudolf"]
[Result "1-0"]
[WhiteElo "2018"]
[BlackElo "1650"]
[Annotator "ChessOrg"]
[PlyCount "31"]
[EventDate "1998.03.05"]
[Source "ChessBase"]
[SourceDate "1998.04.29"]

1. e4 {B17: Caro-Kann-Verteidigung} 1... c6 2. d4 d5 3. Nc3 dxe4 4. Nxe4 Nd7 5.
Bc4 Ngf6 6. Ng3 e6 7. Nf3 7... c5 {letzter Buchzug} 8. c3 cxd4 9. Nxd4 Bc5 10.
O-O Bxd4 (10... O-O 11. Nb3 $11) 11. Qxd4 O-O 12. Bg5 Qa5 13. Qh4 13... Ne5 $2
(13... h6 $142 14. Bxf6 14... Nxf6 $11) 14. Bxf6 $18 14... gxf6 15. Nh5 15...
Nd7 $4 (15... Ng6 $142 16. Nxf6+ 16... Kg7 $16) 16. Qg4+ (16. Qg4+ Qg5 17.
Nxf6+ Kh8 18. Qxg5 $18) 1-0

[Event "Bad Woerishofen op"]
[Site "?"]
[Date "2001.??.??"]
[Round "1"]
[White "Ries, Berthold"]
[Black "Naumkin, Igor"]
[Result "0-1"]
[WhiteElo "2014"]
[BlackElo "2446"]
[Annotator "ChessOrg"]
[PlyCount "60"]
[EventDate "2000.??.??"]

1. e4 {C04: Franzoesische Verteidigung (Tarrasch-Variante)} 1... e6 2. d4 d5 3.
Nd2 Nc6 4. Ngf3 Nf6 5. e5 Nd7 6. c3 f6 7. exf6 Qxf6 8. Nb3 {letzter Buchzug}
8... h6 9. h4 (9. Be2 9... Bd6 $11) 9... Bd6 $11 10. Be3 O-O 11. Bg5 (11. Be2
11... Ne7 $11) 11... Qf7 (11... hxg5 12. hxg5 Qf7 13. Bd3 $17) 12. Qc2 (12. Be3
12... e5 $11) 12... e5 (12... hxg5 13. hxg5 g6 14. Rh6 $17) 13. dxe5 Ndxe5 14.
Nxe5 Nxe5 15. Be3 Bf5 16. Qd2 Nc4 (16... Ng4 17. O-O-O Be4 18. Bd3 Bxg2 19.
Rhg1 $17) 17. Bxc4 $11 17... dxc4 18. Nd4 Bd3 (18... Bg4 19. Nb5 Rad8 20. Nxd6
Rxd6 21. Qc2 $15) 19. O-O-O $11 19... Rad8 20. Rh3 Qd7 21. b4 $2 (21. Rhh1 $15
$142) 21... a5 $19 22. a3 axb4 23. axb4 Ra8 (23... Qa4 24. Qb2 c5 25. bxc5 Bxc5
26. Kd2 $15) 24. Qb2 Ra6 25. Nb3 Rfa8 26. Rxd3 (26. Na5 26... b6 $19) 26...
cxd3 (26... cxb3 $6 27. Qxb3+ Kh7 28. Rf3 $17) 27. Na5 b6 28. Qb3+ Kh8 29. Nc4
(29. Qc4 bxa5 30. b5 30... Rb8 $19) 29... Qg4 30. Nxd6 (30. Bd2 Ra1+ 31. Kb2
Qxg2 32. Re3 $19) 30... Ra1+ (30... Ra1+ 31. Qb1 Rxb1+ 32. Kxb1 Qd1+ 33. Kb2
Qc2#) 0-1

[Event "Bad Woerishofen op"]
[Site "Bad Woerishofen"]
[Date "2001.??.??"]
[Round "3"]
[White "Ries, Berthold"]
[Black "Sakowski, Christian"]
[Result "1-0"]
[WhiteElo "2014"]
[BlackElo "1713"]
[Annotator "ChessOrg"]
[PlyCount "113"]
[EventDate "1998.03.05"]
[Source "ChessBase"]
[SourceDate "1998.04.29"]

1. e4 {B06: Moderne Verteidigung} 1... c6 2. d4 g6 3. f4 d5 4. e5 h5 5. Nf3
5... Bg4 {letzter Buchzug} 6. h3 Bxf3 7. Qxf3 e6 8. Qb3 Qb6 9. Qxb6 axb6 10. g3
b5 11. a3 Nd7 12. b3 (12. Bg2 Nh6 13. Nc3 13... Nf5 $11) 12... Nb6 13. Bb2 Ne7
14. Kf2 Nf5 15. Bd3 Kd7 16. Nd2 Be7 17. Ra2 Ra7 18. Rha1 Kc7 19. a4 bxa4 20.
bxa4 Nd7 21. Nb3 b6 (21... Nb6 $5 $11) 22. a5 $16 22... b5 23. c3 Ra6 24. Ba3
Bxa3 25. Rxa3 Ng7 26. Rh1 Kb7 27. Raa1 Raa8 28. g4 hxg4 29. hxg4 Ka6 30. Kg2
Rag8 31. Rxh8 Rxh8 32. Rh1 Rxh1 33. Kxh1 Kb7 34. Kg2 Ne8 35. Kg3 Nc7 36. Kh4
Kc8 37. Kg5 Na6 38. f5 gxf5 39. gxf5 Kd8 40. Kh6 Ke7 (40... exf5 41. Bxf5 c5
42. Kg7 $16) 41. f6+ Kf8 42. Kg5 Nc7 43. Kh6 (43. Be2 43... Ke8 $16) 43... Na6
44. Kh7 Nc7 45. Kh8 Na6 46. Nd2 (46. Be2 $5 $16) 46... Nc7 $14 47. Nf3 c5 48.
Ng5 cxd4 49. Nh7+ (49. cxd4 Nb8 50. Nh7+ Ke8 51. Kg8 $18) 49... Ke8 $18 50.
cxd4 Nf8 (50... b4 51. Kg7 51... b3 $18) 51. Ng5 b4 52. Kg8 b3 53. Nxf7 Nd7 54.
Nd6+ Kd8 55. f7 (55. Nb7+ $142 55... Kc8 56. Nc5 Nxc5 57. dxc5 57... Kb7 $18)
55... Ke7 (55... b2 56. f8=Q+ Nxf8 57. Kxf8 57... Kd7 $18) 56. Nc8+ Kd8 57. Nb6
(57. Nb6 b2 58. Nxd7 Kxd7 59. f8=Q $18) 1-0

[Event "Bad Woerishofen op"]
[Site "Bad Woerishofen"]
[Date "2001.??.??"]
[Round "5"]
[White "Ries, Berthold"]
[Black "Bertz, Uwe"]
[Result "1/2-1/2"]
[WhiteElo "2014"]
[BlackElo "1780"]
[Annotator "ChessOrg"]
[PlyCount "98"]
[EventDate "1998.03.05"]
[Source "ChessBase"]
[SourceDate "1998.04.29"]

1. e4 {C90: Spanische Partie (Abweichungen von der Hauptvariante)} 1... e5 2.
Nf3 Nc6 3. Bb5 a6 4. Ba4 Nf6 5. O-O b5 6. Bb3 Be7 7. Re1 d6 8. c3 Bg4 9. d4 O-O
10. Be3 Na5 11. Bc2 Nc4 12. Nbd2 {letzter Buchzug} 12... Nxd2 (12... Nxb2 $5
13. Qe2 Na4 14. Bxa4 bxa4 15. dxe5 15... dxe5 $15) 13. Bxd2 $14 13... c5 14.
Be3 Qc7 15. Rc1 h6 16. h3 Bxf3 (16... Bh5 17. Qe2 $11) 17. Qxf3 (17. gxf3 $6
17... Rfe8 $11) 17... Rfb8 18. g4 (18. Red1 18... Re8 $14) 18... g5 (18... b4
19. dxc5 dxc5 20. cxb4 Rxb4 21. b3 $11) 19. h4 Qd7 20. hxg5 Qxg4+ 21. Qxg4 Nxg4
22. gxh6 Kh7 23. Rcd1 Rg8 24. Kf1 Nxe3+ (24... Bg5 25. Bxg5 Rxg5 26. dxc5 dxc5
27. Rd7 $14) 25. Rxe3 cxd4 26. cxd4 Bf6 27. Rf3 Rg6 28. dxe5 Bxe5 (28... dxe5
$5 $142 29. Rd6 29... Rc8 $16) 29. Rxf7+ $18 29... Kxh6 (29... Kh8 $142 30. f4
30... Bxb2 $18) 30. Rd3 (30. f4 $142 30... Rg7 31. Rxg7 Bxg7 32. Rxd6+ Kh7 33.
e5+ Kg8 34. Ke2 $18) 30... Rg4 31. Rh3+ Kg6 32. Rc7 Kg5 33. Rc6 Rf8 34. f3 Rh4
35. Rxh4 Kxh4 36. Ke2 (36. Kf2 $5 $16 $142) 36... Kg3 $11 37. Rxa6 Rxf3 38. Ra3
Rxa3 39. bxa3 Bb2 40. a4 bxa4 41. Bxa4 Kf4 42. Bc6 Ba3 43. Kd3 Ke5 44. Kc4 Kf6
45. Kb3 Bc1 46. a4 Ke7 47. Kc4 Kd8 48. a5 Kc7 49. Kb5 Be3 1/2-1/2

[Event "Bad Woerishofen op"]
[Site "Bad Woerishofen"]
[Date "2001.??.??"]
[Round "7"]
[White "Ries, Berthold"]
[Black "Stoffel, Matthias"]
[Result "1-0"]
[WhiteElo "2014"]
[BlackElo "1800"]
[Annotator "ChessOrg"]
[PlyCount "72"]
[EventDate "1998.03.05"]
[Source "ChessBase"]
[SourceDate "1998.04.29"]

1. e4 {B41: Sizilianisch (Paulsen-Variante)} 1... e6 2. d4 c5 3. Nf3 cxd4 4.
Nxd4 a6 5. Be2 Nf6 6. Bf3 {letzter Buchzug} 6... Qc7 7. O-O d6 8. b3 (8. Nc3
8... Nc6 $11) 8... Nbd7 (8... e5 9. Ne2 $15) 9. g3 (9. Bb2 9... Ne5 $11) 9...
Rb8 (9... Nc5 $5 $15) 10. c4 $11 10... b6 11. Bg2 Bb7 12. f3 Be7 13. Be3 O-O
14. Qd2 Rfe8 15. Nc3 Rbd8 16. Rac1 Qb8 17. Rfd1 h6 18. Na4 d5 19. exd5 exd5 20.
cxd5 (20. Bf4 $5 $142 20... Qa7 21. Nb2 $11) 20... Nxd5 $17 (20... Bxd5 $143
21. Bf4 Bd6 22. Bxd6 Qxd6 23. Nc6 $11) 21. Bf2 (21. Nc2 Nxe3 22. Nxe3 Bxf3 23.
Bxf3 23... Bg5 $19) 21... b5 22. Nb2 Qa8 (22... Bg5 $5 $142 23. f4 Nxf4 24.
gxf4 24... Bxf4 $17) 23. Nd3 Bf6 24. Nf5 (24. f4 Ne7 25. Bxb7 25... Qxb7 $15)
24... N7b6 (24... Ne5 25. Nxe5 Bxe5 26. Qc2 $17) 25. Qa5 Re2 (25... Nc8 $5 $15)
26. Bxb6 $14 26... Nxb6 27. Nf4 (27. Qxb6 Bxf3 28. Bf1 28... Rxa2 $15) 27...
Rxd1+ $11 28. Rxd1 Rxg2+ (28... Qa7 29. Kh1 (29. Nxe2 $4 29... Nc4+ 30. Kf1
30... Nxa5 $19) 29... Re5 30. Nd6 $11) 29. Nxg2 $14 29... Bxf3 30. Rd2 (30.
Qxb6 Bxd1 (30... Bxg2 $2 31. Nxh6+ Kh7 32. Nxf7 $18) 31. Nxh6+ 31... Kh7 $15)
30... Nd5 $11 31. Qa3 $2 (31. Rc2 Be4 32. Rf2 32... Qa7 $17) 31... b4 (31...
Qc8 32. Rxd5 Bxd5 33. Ne7+ Bxe7 34. Qxe7 $19) 32. Qa4 $2 (32. Qc1 Bg5 33. Qa1
33... Nc3 $17) 32... Bc3 $4 (32... Qc8 $142 33. Nge3 Nxe3 34. Nxe3 Qc1+ 35. Kf2
Qxd2+ 36. Kxf3 Bd4 37. Qe8+ Kh7 38. Qe4+ 38... g6 $19) 33. Rf2 $11 33... Nb6 (
33... Be4 34. h3 $11) 34. Qa5 $14 34... Qe4 $2 (34... Bxg2 $5 $142 35. Rxg2
35... Nd7 $14) 35. Qxb6 (35. Nge3 Qb7 36. Rxf3 Qxf3 37. Qxb6 37... Be1 $18)
35... Qxf5 $2 (35... Bxg2 $142 36. Qd8+ 36... Kh7 $16) 36. Qe3 (36. Qxa6 Bd4
37. Qf1 37... Bc6 $17) 36... Qd5 (36... Qb1+ 37. Rf1 Qxa2 38. Rxf3 Qxb3 39.
Qe8+ Kh7 40. Rxf7 (40. Qxf7 Qxf7 41. Rxf7 41... a5 $18) 40... Qd1+ 41. Kf2 Qc2+
42. Kf3 Qd1+ 43. Qe2 Qd5+ 44. Qe4+ Qxe4+ 45. Kxe4 $18) 1-0

[Event "Bad Woerishofen op"]
[Site "Bad Woerishofen"]
[Date "2001.??.??"]
[Round "9"]
[White "Ries, Berthold"]
[Black "Camilleri, Henry"]
[Result "0-1"]
[WhiteElo "2014"]
[BlackElo "2167"]
[Annotator "ChessOrg"]
[PlyCount "40"]
[EventDate "1998.03.05"]
[Source "ChessBase"]
[SourceDate "1998.04.29"]

1. e4 {C10: Franzoesische Verteidigung (Rubinstein-Variante)} 1... e6 2. d4 d5
3. Nd2 dxe4 4. Nxe4 Nd7 5. Nf3 Be7 6. Bd3 6... b6 {letzter Buchzug} 7. Bb5 Ngf6
8. Ne5 Nxe4 9. Qf3 f5 (9... O-O $142 10. Nc6 Qe8 11. Qxe4 11... Bb7 $14) 10.
Qh5+ $4 (10. Nc6 $142 10... Bb4+ 11. Nxb4 $16) 10... g6 $17 11. Nxg6 Nef6 (
11... hxg6 12. Qxh8+ Bf8 13. Bc6 Rb8 14. Bf4 $16) 12. Qf3 Bb7 13. Qxb7 hxg6 14.
Qc6 Kf7 15. Bg5 Nf8 16. O-O-O Qd5 17. Bxf6 Kxf6 18. Qc3 $4 (18. Kb1 $19) 18...
Qxb5 19. d5+ e5 20. Rhe1 (20. Qxc7 Nd7 21. Qc3 21... Rac8 $19) 20... Bd6 (20...
Bd6 21. h3 21... Nd7 $19) 0-1

[Event "Bad Woerishofen op"]
[Site "?"]
[Date "2001.??.??"]
[Round "1"]
[White "Ring, Gregor"]
[Black "Camilleri, Henry"]
[Result "1/2-1/2"]
[WhiteElo "1750"]
[BlackElo "2167"]
[Annotator "ChessOrg"]
[PlyCount "31"]
[EventDate "2000.??.??"]

1. c4 {A10: Abarten von Hollaendisch, Damenindisch, Koenigsindisch (ohne d2-d4)
} 1... f5 2. Nc3 Nf6 3. Nf3 e6 4. g3 c6 5. Bg2 d5 6. cxd5 {letzter Buchzug}
6... exd5 7. e3 (7. d4 7... Be7 $11) 7... Bd6 8. O-O O-O 9. b3 Nbd7 10. Bb2 Ne4
11. Ne2 Qe7 12. d3 Ng5 13. Ned4 Nxf3+ 14. Nxf3 Ne5 (14... Re8 15. Rc1 $11) 15.
Nxe5 $14 15... Bxe5 16. Qe2 (16. Bxe5 Qxe5 17. d4 17... Qf6 $11) 1/2-1/2